Govt. of
Madhya Pradesh

तर्कशक्ति Verbal and Non-Verbal REASONING (Record no. 66483)

MARC details
000 -LEADER
fixed length control field 00350nam a22001097a 4500
082 ## - DEWEY DECIMAL CLASSIFICATION NUMBER
Classification number 160
100 ## - MAIN ENTRY--AUTHOR NAME
Personal name Patel, Aditya
245 ## - TITLE STATEMENT
Title तर्कशक्ति Verbal and Non-Verbal REASONING
Sub Title सम्‍पूर्ण क्‍लास नोट्स
260 ## - PUBLICATION, DISTRIBUTION, ETC. (IMPRINT)
Place of publication Indore
Name of publisher Winners Publications
Year of publication 2023
650 ## - SUBJECT ADDED ENTRY--TOPICAL TERM
Topical Term Reasoning
942 ## - ADDED ENTRY ELEMENTS (KOHA)
Koha item type Hindi Books
Holdings
Withdrawn status Lost status Damaged status Not for loan Home library Current library Date acquired Cost, normal purchase price Full call number Accession Number Price effective from Koha item type
        MACL MACL 27/12/2023 410.00 160 DPI001784 27/12/2023 Hindi Books
        MACL MACL 27/12/2023 410.00 160 DPI001785 27/12/2023 Hindi Books
        MACL MACL 27/12/2023 410.00 160 DPI001781 27/12/2023 Hindi Books
        MACL MACL 27/12/2023 410.00 160 DPI001782 27/12/2023 Hindi Books
        MACL MACL 27/12/2023 410.00 160 DPI001783 27/12/2023 Hindi Books
        MACL MACL 28/12/2023 410.00 160 DPI001730 27/12/2023 Hindi Books